000
00268nam a2200109Ia 4500
008
200302s9999 xx 000 0 und d
100
_a
Chris Abel
245
_a
Architecture, Technology and Process
260
_b
Architectural Press Inc,
260
_c
2004
300
_a
268
999
_c
3748
_d
3748